[Event "New England op 61st"]
[Site "Springfield"]
[Date "2001.09.03"]
[Round "5"]
[White "Sillars, Tony"]
[Black "Lopes, William M"]
[Result "1/2-1/2"]
[WhiteElo "2267"]
[BlackElo "2129"]
[PlyCount "42"]
[EventDate "2001.09.??"]
[EventType "swiss"]
[EventRounds "6"]
[EventCountry "USA"]
[SourceTitle "EXT 2005"]
[Source "ChessBase"]
[SourceDate "2004.11.15"]
[SourceVersion "1"]
[SourceVersionDate "2004.11.15"]
[SourceQuality "1"]

1. e4 e5 2. Nf3 Nc6 3. Bb5 a6 4. Bxc6 dxc6 5. d4 exd4 6. Qxd4 Qxd4 7. Nxd4 Bd7 8. Be3 0-0-0 9. Nd2 Ne7 10. 0-0-0 f5 11. Nxf5 Nxf5 12. exf5 Bxf5 13. Nb3 Bd6 14. Nd4 Bd7 15. Bg5 Rde8 16. Rde1 c5 17. Ne2 Bc6 18. f3 Re5 19. Bd2 Rhe8 20. Ng3 Rxe1+ 21. Rxe1 Bxg3 1/2-1/2

[Event "New England op 60th"]
[Site "USA"]
[Date "2000.??.??"]
[Round "4"]
[White "Lopes, William M"]
[Black "Friedel, Joshua E"]
[Result "1-0"]
[WhiteElo "2185"]
[BlackElo "2150"]
[PlyCount "99"]
[EventDate "2000.??.??"]
[EventType "swiss"]
[EventRounds "6"]
[EventCountry "USA"]
[SourceTitle "EXT 2003"]
[Source "ChessBase"]
[SourceDate "2002.11.25"]
[SourceVersion "1"]
[SourceVersionDate "2002.11.25"]
[SourceQuality "1"]

1. e4 e5 2. Nf3 Nc6 3. Bb5 f5 4. Nc3 fxe4 5. Nxe4 d5 6. Nxe5 dxe4 7. Nxc6 Qd5 8. c4 Qd6 9. Nxa7+ Bd7 10. Bxd7+ Qxd7 11. Qh5+ g6 12. Qe5+ Kf7 13. Nb5 c6 14. Qd4 Qe7 15. Qxh8 Nf6 16. b3 Rd8 17. Bb2 Bg7 18. Ba3 Qd7 19. Nd6+ Ke6 20. Qxd8 Qxd8 21. Nxb7 Qb6 22. Nc5+ Kf7 23. 0-0 Qa5 24. Na4 Ng4 25. Rae1 Qe5 26. g3 Qh5 27. h4 Qf5 28. Nc5 Bf8 29. Rxe4 Bxc5 30. Rf4 Qxf4 31. gxf4 Bxa3 32. d4 Nh6 33. Rd1 Ke7 34. d5 c5 35. Re1+ Kd7 36. h5 Nf5 37. hxg6 hxg6 38. Re6 Ne7 39. Kg2 Nf5 40. Kh3 Ne7 41. Kg4 Bc1 42. Kg5 Bb2 43. a4 Bc3 44. a5 Bxa5 45. Kf6 Bd8 46. Kf7 Nf5 47. Kxg6 Nd4 48. Re3 Nc2 49. Rh3 Nd4 50. f5 1-0

[Event "New England op 60th"]
[Site "USA"]
[Date "2000.??.??"]
[Round "1"]
[White "Paschall, William M"]
[Black "Lopes, William M"]
[Result "1-0"]
[WhiteElo "2420"]
[BlackElo "2185"]
[PlyCount "97"]
[EventDate "2000.??.??"]
[EventType "swiss"]
[EventRounds "6"]
[EventCountry "USA"]
[SourceTitle "EXT 2003"]
[Source "ChessBase"]
[SourceDate "2002.11.25"]
[SourceVersion "1"]
[SourceVersionDate "2002.11.25"]
[SourceQuality "1"]

1. d4 d5 2. Nf3 c5 3. e3 Nc6 4. c4 e6 5. a3 Nf6 6. dxc5 Bxc5 7. b4 Bd6 8. Bb2 0-0 9. Nbd2 Qe7 10. Qb1 Ne4 11. Nxe4 dxe4 12. c5 exf3 13. cxd6 Qxd6 14. gxf3 Rd8 15. Qd1 Qxd1+ 16. Rxd1 Rxd1+ 17. Kxd1 f6 18. f4 Bd7 19. Rg1 Kf7 20. Bd3 Ne7 21. Ke2 Rc8 22. Rc1 Rxc1 23. Bxc1 Ng6 24. b5 Ke7 25. a4 Kd6 26. Ba3+ Kc7 27. Kf3 Kb6 28. Bb4 Be8 29. Kg3 h5 30. h4 Nh8 31. Bf8 Ka5 32. Bxg7 Nf7 33. Bc2 a6 34. bxa6 bxa6 35. Bxf6 Bxa4 36. Bc3+ Kb5 37. Bd3+ Kb6 38. Bd4+ Kb7 39. Bc4 Bd7 40. f5 Nd8 41. Bf6 Kc7 42. Bxd8+ Kxd8 43. Bxa6 Ke7 44. fxe6 Bxe6 45. Kf4 Kf6 46. Bd3 Bc8 47. e4 Bg4 48. e5+ Ke6 49. Bc4+ 1-0